Treasury relents on VAT (Record no. 30930)

MARC details
000 -LEADER
fixed length control field 00935cab a2200265 4500
001 - CONTROL NUMBER
control field WB3307-09
008 - FIXED-LENGTH DATA ELEMENTS--GENERAL INFORMATION
fixed length control field 090401t1997 xxu||||| |||| 00| 0 eng d
035 ## - SYSTEM CONTROL NUMBER
System control number (Sirsi) u49424
041 ## - LANGUAGE CODE
Language code of text/sound track or separate title eng
245 ## - TITLE STATEMENT
Title Treasury relents on VAT
260 ## - PUBLICATION, DISTRIBUTION, ETC.
Date of publication, distribution, etc. 1997
350 ## - PRICE (NR) (BK AM CF MU VM SE) [OBSOLETE]
Price 0
490 ## - SERIES STATEMENT
Series statement HM Customs and Excise News Release
Volume/sequential designation (5/97) 12 February 1997
490 ## - SERIES STATEMENT
Series statement Financial Times
Volume/sequential designation 13 February 1997, 10
490 ## - SERIES STATEMENT
Series statement RICS Press Release
Volume/sequential designation (PR11) 12 February 1997 (3)
490 ## - SERIES STATEMENT
Series statement Property Week
Volume/sequential designation 58 (6) 14 February 1997, 1, 11(4)
520 ## - SUMMARY, ETC.
Summary, etc. The Treasury has announced changes to the Finance Bill in response to warnings by advisers that attempts to end VAT loophole could cost the property industry £83m a year. RICS comments.
650 ## - SUBJECT ADDED ENTRY--TOPICAL TERM
Topical term or geographic name entry element PROPERTY-COMMERCIAL PROPERTY
650 ## - SUBJECT ADDED ENTRY--TOPICAL TERM
Topical term or geographic name entry element LOOPHOLE
650 ## - SUBJECT ADDED ENTRY--TOPICAL TERM
Topical term or geographic name entry element OPTION TO TAX
650 ## - SUBJECT ADDED ENTRY--TOPICAL TERM
Topical term or geographic name entry element VALUE ADDED TAX
690 ## - LOCAL SUBJECT ADDED ENTRY--TOPICAL TERM (OCLC, RLIN)
Topical term or geographic name as entry element ECONOMIC AND SOCIAL
942 ## - ADDED ENTRY ELEMENTS (KOHA)
Suppress in OPAC 0
948 ## - LOCAL PROCESSING INFORMATION (OCLC); SERIES PART DESIGNATOR (RLIN)
c (OCLC) 04/03/1997
Holdings
Withdrawn status Lost status Source of classification or shelving scheme Damaged status Not for loan Home library Current library Shelving location Date acquired Total Checkouts Full call number Barcode Date last seen Copy number Price effective from Koha item type
    Dewey Decimal Classification     London London News article 14/09/1999   WB3307-09 49424-1001 06/08/2019 1 06/08/2019 News article